=LDR 00000nam 2200000 4500 =001 INLIS000000000062469 =005 20230816090933 =035 ##$$a 0010-0823000132 =007 ta =008 230816###########################0###### =020 ##$$a 978-623-5314-13-6 =082 ##$$a 392.598 652 1 Jer p =084 ##$$a 392.598 652 1 Jer p JER p =100 #$$a Jeri Ardiansa =245 1#$$a Pernikahan di sumbawa : $b "Adat dan makna simbol" =260 ##$$a Jawa Barat :$b CV.Adanu Abimata,$c 2022 =300 ##$$a x, 134 halaman : $b Ilustrasi ; $c 21 cm =500 ##$$a Bibliografi: halaman 129-132 ; Biografi: halaman 133-134 =650 #4$$a Adat dan upacara pernikahan - Sumbawa =700 #$$a Editor, Abdul =990 ##$$a 06610661 =990 ##$$a 52/267/2023